LIBRARY & INFORMATION CENTRE, KCAET, TAVANUR

ONLINE PUBLIC ACCESS CATALOGUE (OPAC)

Dryland Horticulture (Record no. 17421)

MARC details
000 -LEADER
fixed length control field 00383nam a22001457a 4500
003 - CONTROL NUMBER IDENTIFIER
control field OSt
008 - FIXED-LENGTH DATA ELEMENTS--GENERAL INFORMATION
fixed length control field 210914b ||||| |||| 00| 0 eng d
020 ## - INTERNATIONAL STANDARD BOOK NUMBER
ISBN 9789387973558
082 ## - DEWEY DECIMAL CLASSIFICATION NUMBER
Classification number 630.9154
Item number JAT/DR
245 ## - TITLE STATEMENT
Title Dryland Horticulture
260 ## - PUBLICATION, DISTRIBUTION, ETC. (IMPRINT)
Place of publication New Delhi
Name of publisher New India Publishing Agency
Year of publication 2019
300 ## - PHYSICAL DESCRIPTION
Number of Pages 642
700 ## - ADDED ENTRY--PERSONAL NAME
Personal name Jathav,M.K, Saroj,P.L ,Sharma ,B. D
942 ## - ADDED ENTRY ELEMENTS (KOHA)
Koha item type Books
Holdings
Withdrawn status Lost status Damaged status Home library Current library Shelving location Date acquired Cost, normal purchase price Full call number Accession Number Koha item type
      KAUAET KAUAET NAHEP-CAAST Project 07/09/2021 4500.00 630.9154 JAT/DR 26014 Books
free website counter